000 00641nam a2200205Ia 4500
003 OSt
005 20250218111220.0
008 210210b1993 xxu||||| |||| 00| 0 eng d
040 _cAL
041 _aKannada
082 _aK894.9 RAHP
100 _aRAHAMAT TARIKERE.
_dರಹಮತ್ ತರೀಕೆರೆ
_9200597
245 _aPratisamskrati.
_bಪ್ರತಿಸಂಸ್ಕ್ರತಿ
260 _aBengaluru
_bKannada Sangha Kraist Kalej
_c1993
300 _aviii,208
650 _aShantarasa Niranjana Alanahalli Kuvempu Bandaya Murtiraya
_9200598
690 _aKannada Criticism
_9200599
906 _a054831
942 _2ddc
_cBK
999 _c102569
_d102569